When the dancing stopped : (Record no. 29895)

MARC details
000 -LEADER
fixed length control field 00909cam a22002894a 4500
001 - CONTROL NUMBER
control field 69792697
003 - CONTROL NUMBER IDENTIFIER
control field OCoLC
005 - DATE AND TIME OF LATEST TRANSACTION
control field 20240626172348.0
008 - FIXED-LENGTH DATA ELEMENTS--GENERAL INFORMATION
fixed length control field 060524s2006 nyua b 001 0 eng
010 ## - LIBRARY OF CONGRESS CONTROL NUMBER
LC control number 2006047370
020 ## - INTERNATIONAL STANDARD BOOK NUMBER
International Standard Book Number 0743280083
020 ## - INTERNATIONAL STANDARD BOOK NUMBER
International Standard Book Number 9780743280082
040 ## - CATALOGING SOURCE
Original cataloging agency DLC
Transcribing agency DLC
Modifying agency IG#
-- BAKER
-- OCO
-- BTCTA
-- IXA
-- YDXCP
-- VP@
-- PUL
-- SX@
042 ## - AUTHENTICATION CODE
Authentication code pcc
049 ## - LOCAL HOLDINGS (OCLC)
Holding library SX@A
082 00 - DEWEY DECIMAL CLASSIFICATION NUMBER
Classification number 910.9163/46
Edition number 22
099 ## - LOCAL FREE-TEXT CALL NUMBER (OCLC)
Classification number 910.9163 Hicks, B. 2006
100 1# - MAIN ENTRY--PERSONAL NAME
Personal name Hicks, Brian,
Dates associated with a name 1966-
245 10 - TITLE STATEMENT
Title When the dancing stopped :
Remainder of title the real story of the Morro Castle disaster and its deadly wake /
Statement of responsibility, etc. Brian Hicks.
260 ## - PUBLICATION, DISTRIBUTION, ETC. (IMPRINT)
Place of publication, distribution, etc. New York :
Name of publisher, distributor, etc. Free Press,
Date of publication, distribution, etc. c2006.
300 ## - PHYSICAL DESCRIPTION
Extent xxi, 346 p. :
Other physical details ill. ;
Dimensions 24 cm.
504 ## - BIBLIOGRAPHY, ETC. NOTE
Bibliography, etc Includes bibliographical references (p. 291-317) and index.
590 ## - LOCAL NOTE (RLIN)
Local note ardnf04/07.
610 20 - SUBJECT ADDED ENTRY--CORPORATE NAME
Corporate name or jurisdiction name as entry element Morro Castle (Steamship)
710 2# - ADDED ENTRY--CORPORATE NAME
Corporate name or jurisdiction name as entry element Morro Castle (Steamship)
942 ## - ADDED ENTRY ELEMENTS (KOHA)
Koha item type Libro/Book
Holdings
Withdrawn status Lost status Damaged status Not for loan Home library Current library Shelving location Date acquired Inventory number Total Checkouts Full call number Barcode Date last seen Date checked out Price effective from Koha item type
        San Juan Del Sur -- Biblioteca San Juan Del Sur -- Biblioteca English 26/06/2024 Inventory date: 15-5-25 1 NF 30030627 06/02/2026 27/01/2026 26/06/2024 Libro/Book

Powered by Koha